| 000 | 00822cam a2200265 a 4500 | ||
|---|---|---|---|
| 001 | 1213078 | ||
| 003 | OSt | ||
| 005 | 20260202140912.0 | ||
| 008 | 990222s2000 njua b 001 0 eng | ||
| 010 | _a 99021615 | ||
| 020 | _a0130213365 | ||
| 020 | _a9780130213365 | ||
| 040 |
_aKABLIB _cKABLIB _beng |
||
| 082 | 0 | 0 |
_a302 _223 _bTAY |
| 100 | 1 |
_aTaylor, Shelley E. _91749 |
|
| 245 | 1 | 0 |
_aSocial psychology / _cShelley E. Taylor, Letitia Anne Peplau, David O. Sears. |
| 250 | _a10th ed. | ||
| 260 |
_aUpper Saddle River, N.J. : _bPrentice Hall, _cc2000. |
||
| 300 |
_axii, 570 p. : _bill. ; _c28 cm. |
||
| 504 | _aIncludes bibliographical references (p. [491]-543) and indexes. | ||
| 650 | 0 | _aSocial psychology. | |
| 700 | 1 |
_aPeplau, Letitia Anne. _910643 |
|
| 700 | 1 |
_aSears, David O. _910644 |
|
| 942 |
_2ddc _cBOOK _e9 |
||
| 999 |
_c5934 _d5934 |
||